00805nam a2200229 a 450000100100000000500170001000800410002702000150006804000250008308200240010810000330013224501150016525000110028026000580029130000280034950400560037765000230043365000380045670000250049470000200051970000360053900002090620200930011203.0100823s2006 cu a r 000 0 spa d a9590700829 aDO-SdBNPbspacBNPHU a581.35bR696m, 20061 aRodríguez Fuentes, Carlos,10aMejora de plantas /cCarlos Rodríguez Fuentas, Juan Pérez Ponce y Armín Fuchs; Yohanka Morejón Rivero. a2a ed. aLa Habana, (Cuba) :bEditorial Félix Valera,c2006. a293 p. :bil. ;c21 cm. aIncluye referencias bibliográficas : (p. 288-293) 4aGenética vegetal 4aMejoramiento selectivo de plantas1 aPérez Ponce, Juan,1 aFuchs, Armín,1 aMorejón Rivero, Yohanka,eed.